The counselling relationship (Record no. 62584)
[ view plain ]
| 000 -LEADER | |
|---|---|
| fixed length control field | 00716nam a2200157 a 4500 |
| 008 - FIXED-LENGTH DATA ELEMENTS--GENERAL INFORMATION | |
| fixed length control field | 120416s1983 ||||||||||||||||| || u |
| 050 ## - LIBRARY OF CONGRESS CALL NUMBER | |
| Classification number | RC 481 Old |
| 100 ## - MAIN ENTRY--PERSONAL NAME | |
| Personal name | Oldfield, Susan |
| 245 14 - TITLE STATEMENT | |
| Title | The counselling relationship |
| 246 ## - | |
| -- | a study of the client's experience |
| 260 ## - PUBLICATION, DISTRIBUTION, ETC. | |
| Place of publication, distribution, etc. | London |
| Name of publisher, distributor, etc. | Routledge and Kegan Paul |
| Date of publication, distribution, etc. | 1983 |
| 300 ## - PHYSICAL DESCRIPTION | |
| Extent | xvi, 183p. |
| 350 ## - | |
| -- | 0.00 |
| 995 ## - | |
| -- | MAIN LIBRARY OPEN ACCESS |
| -- | 0.00 |
| -- | 705861 |
| -- | CBU-MAIN LIBRARY (Kitwe) |
| -- | 2 |
| -- | 7.95 |
| -- | RC 481 Old |
| -- | 2 |
| -- | AVAILABLE |
| -- | Apr 19, 2007 |
| -- | 013157 |
| -- | Main Library Open Access Collection |
| 995 ## - | |
| -- | MAIN LIBRARY OPEN ACCESS |
| -- | 0.00 |
| -- | 705862 |
| -- | CBU-MAIN LIBRARY (Kitwe) |
| -- | 1 |
| -- | 7.95 |
| -- | RC 481 Old |
| -- | 1 |
| -- | AVAILABLE |
| -- | Apr 19, 2007 |
| -- | 013156 |
| -- | Main Library Open Access Collection |
| 999 ## - | |
| -- | 62584 |
| -- | 62584 |
| Withdrawn status | Lost status | Source of classification or shelving scheme | Damaged status | Not for loan | Permanent Location | Current Location | Shelving location | Date acquired | Total Checkouts | Full call number | Barcode | Date last seen | Price effective from | Koha item type |
|---|---|---|---|---|---|---|---|---|---|---|---|---|---|---|
| CBU-MAIN LIBRARY, KITWE. | CBU-MAIN LIBRARY, KITWE. | 12/13/2022 | RC 481 Old | 013157 | 12/13/2022 | 12/13/2022 | MONOGRAPH | |||||||
| CBU-MAIN LIBRARY, KITWE. | CBU-MAIN LIBRARY, KITWE. | 12/13/2022 | RC 481 Old | 013156 | 12/13/2022 | 12/13/2022 | MONOGRAPH |